[Event "TORO 2016"]
[Site "Gatineau"]
[Date "2016.06.03"]
[Round "1"]
[White "Sivapathasundaram, Manojh"]
[Black "Yao, Sammy"]
[Result "0-1"]
[WhiteElo "1846"]
[BlackElo "2063"]
[PlyCount "36"]
[EventDate "2016.??.??"]
[SourceDate "2016.06.04"]

1. d4 d6 2. c4 g6 3. Nc3 f5 4. h4 $5 {
Une variante entreprenante pour tenter de refuter le fianchettto noir.} ({
La variante positionnelle normale est} 4. g3) 4... Nf6 5. g3 {Mais ce coup
n'est pas au diapason du precedent. Il est trop tard pour changer d'idee. Pour
tenter de defonce la position ennemie, il faut jouer} (5. h5 $1 Nxh5 6. Rxh5 (
6. e4) 6... gxh5 7. e4) ({ou encore} 5. e4 $1 fxe4 6. h5) 5... c6 6. d5 {
Avance difficile a comprendre d'un pion deja developpe} 6... cxd5 7. cxd5 Bg7
8. Bg2 O-O 9. Bf4 $2 {Ce coup et les deux prochains montrent a quel point les
Blancs sjouent sans plan.} 9... Nh5 10. Bg5 f4 11. Bxf4 Nxf4 12. gxf4 Rxf4 13.
e3 Rb4 14. Qc2 Na6 {Diagramme # Diagramme #} 15. h5 $2 ({
Fait curieux, Houdini considere que} 15. a3 $1 {
est plus ou moins force. Apres par exemple} 15... Rb6 16. h5 Nc5 {
menace : 17...Txb2)} 17. Rb1 Bf5 (17... Rxb2) 18. e4 Bxc3+ 19. bxc3 Bd7 20.
hxg6 Rxb1+ 21. Qxb1 hxg6 {, on ne peut pas dire que la position blanche est
ideale, loin de la, mais au moins ils peuvent encore lutter. Quelle difference
avec la partie? Les Blancs ont joue tous ces coups, mais sans a2-a3.}) 15...
Nc5 16. hxg6 ({Le fait est qu'il est trop tard pour jouer} 16. Rb1 Bf5 17. e4
Bxc3+ 18. Qxc3 (18. bxc3 {revient au meme} 18... Rxe4+ $1 {est encore pire})
18... Rxe4+ $1 19. Bxe4 Bxe4 {Diagramme # Diagramme # Tout ca parce que les
Blancs n'ont pas pense de jouer 15.a3.}) 16... Rxb2 $1 17. gxh7+ Kh8 18. Qxb2
Nd3+ 0-1

xb2 Nd3+ 0-1

[Event "TORO 2016"]
[Site "Gatineau"]
[Date "2016.06.03"]
[Round "1"]
[White "Villeneuve, Robert"]
[Black "Vettese, Nicholas"]
[Result "0-1"]
[BlackElo "2275"]
[EventDate "2016.??.??"]
[WhiteElo "2005"]

1. e4 c5 2. Nf3 d6 3. d4 cxd4 4. Nxd4 Nf6 5. Nc3 a6 6. Bg5 Nbd7 7. Bc4 Qc7 8.
Bb3 e6 9. Qe2 h6 10. Bh4 Nc5 11. Bxf6 gxf6 12. O-O-O b5 13. Qh5 Bd7 14. Kb1 (
14. Bxe6 Bxe6 15. Nd5 Bxd5 16. exd5 O-O-O 17. Nc6 Re8 18. Rde1 Rxe1+ (18... Qd7
19. Rxe8+ Qxe8 20. Qf5+ Kc7 21. Qxf6 Rg8 22. Qc3) ) 14... Nxb3 15. cxb3 Qc5 16.
Qf3 Qe5 17. Rhe1 Be7 18. Nf5 exf5 19. Rd5 Qe6 20. Qd1 f4 21. e5 fxe5 22. Ne4
Rd8 23. Nxd6+ Bxd6 24. Rxd6 Qxd6 25. Qxd6 Bf5+ 0-1